000 00554nam a22001697a 4500
005 20241105115434.0
008 241105b |||||||| |||| 00| 0 eng d
020 _a9789388548632 (Hardback)
050 _aKD1715
_b.P3 2019
245 _aPaget's Law of Banking /
_cgeneral editor: John Odgers QC
250 _aFifteenth Ed.
260 _aIndia
_aNew Delhi
_bLexisNexis
_cc2019
300 _acxxxix; 1106 pages
_bIndex
_c25cm
650 _2Banking Law
700 _aJohn Odgers QC (3 Verulam Buildings, Gray Inn)
_egeneral editor
942 _2lcc
_cBK
_e15th Ed.
_n0
999 _c626
_d626